| 000 | 01234nam2a22002771 4500 | ||
|---|---|---|---|
| 001 | rc\4020184 | ||
| 005 | 20130415131431.4 | ||
| 021 |
_aRU _b[48-17619] |
||
| 035 | _a(NLR Aleph) 008085972 | ||
| 090 |
_a9153701 _c9153701 |
||
| 100 | _a20130415d1948 |||y0rusy50 ca | ||
| 101 | 0 | _arus | |
| 102 | _aRU | ||
| 105 | _aa z ||||| | ||
| 200 | 0 |
_aТ. 1 _fСост. Н.А. Огородовым _gПод ред. К.С. Босенко |
|
| 210 |
_aОмск _cОмгиз _d1948 _gТип. изд-ва "Омская правда" |
||
| 215 |
_a92 с. _cил. |
||
| 461 | 0 |
_1001rc\4020183 _12001#$aГосударственная племенная книга овец Омской области$f[Вступ. статья Н.М. Куликов. "Мериносовое овцеводство Омской области", с. 5-10]$gНар. ком. земледелия СССР. Омской обл. зем. отд. Т. 1-$vТ. 1 |
|
| 606 |
_aОвцеводство мериносовое _yОмская область (т. 1) _2psbo |
||
| 702 | 1 |
_aОгородов _bН. А. _4220 |
|
| 702 | 1 |
_aБосенко _bК. С. _4340 |
|
| 801 | 0 |
_aRU _bNLR _gpsbo |
|
| 801 | 1 |
_aRU _bELAR _2rusmarc |
|
| 852 |
_aNLR _jС90 Г-8/108 |
||
| 942 | _cBOOK | ||
| 980 | _aNB | ||